000 00676cam a2200205 i 4500
003 OSt
005 20150116163124.0
008 771209s1980 nyu j 000 1 eng
020 _a0-553-14464-2
040 _cBMC
082 _a813.5
100 1 _aSchwartz, Sheila
_929809
245 1 0 _aLike Mother, like me
_cSheila Schwartz
250 _a3ยช ed
260 _aNew York
_bPantheon Books
_c1978
300 _a115 p.
_c18 cm
520 _aWhen her father abandons his family for one of his students, a 16-year-old girl witnesses her mother's painful but often comical metamorphosis into an independent person.
650 2 4 _aNovela norteamericana
_917595
942 _2ddc
_cBK
999 _c17009
_d17009